| 000 | 00478nam a22001937a 4500 | ||
|---|---|---|---|
| 003 | CEME | ||
| 005 | 20210628203129.0 | ||
| 008 | 210118b xxu||||| |||| 00| 0 eng d | ||
| 020 | _a81-7319-625-7 | ||
| 040 | _cceme | ||
| 082 | _a519.52 SAM | ||
| 100 |
_aSampath, S _963492 |
||
| 245 | _aSampling theory and methods | ||
| 250 | _a2ND | ||
| 260 |
_aNEW DELHI _bNAROSA _c2005 |
||
| 300 | _aIX,177 P | ||
| 650 |
_aSAMPLING THEORY .SAMPLING METHODS _963493 |
||
| 942 |
_cBK _2ddc |
||
| 999 |
_c572297 _d572297 |
||